Research methods in rural development / (Record no. 38429)

MARC details
000 -LEADER
fixed length control field 00811nam a22002177a 4500
005 - DATE AND TIME OF LATEST TRANSACTION
control field 20100731143832.0
010 ## - LCCN (DPL NO)
LC control number ENG-97531
020 ## - INTERNATIONAL STANDARD BOOK NUMBER
International Standard Book Number 9788184501995
Terms of availability 1650.00
035 ## - SYSTEM CONTROL NUMBER
System control number EN-81064
037 ## - SOURCE OF ACQUISITION
Source of stock number/acquisition DBAD/PUB
082 ## - DEWEY DECIMAL CLASSIFICATION NUMBER
Classification number 307.1412072
100 ## - MAIN ENTRY--PERSONAL NAME
Personal name Nakkiran, S.
245 ## - TITLE STATEMENT
Title Research methods in rural development /
Statement of responsibility, etc by S. Nakkiran [and] G. Ramesh
260 ## - PUBLICATION, DISTRIBUTION, ETC. (IMPRINT)
Place of publication, distribution, etc New Delhi
Name of publisher, distributor, etc Deep & Deep Publisher
Date of publication, distribution, etc 2009
270 ## - ADDRESS
Address F-159, Rajouri Garden
City New Delhi
Postal code 110027
300 ## - PHYSICAL DESCRIPTION
Extent xiii, 347p.
Dimensions 24cm (Hb)
500 ## - GENERAL NOTE
General note Includes bibliographical references and index
700 ## - ADDED ENTRY--PERSONAL NAME
Personal name Ramesh, G.
9 (RLIN) 3391
942 ## - ADDED ENTRY ELEMENTS (KOHA)
Source of classification or shelving scheme Dewey Decimal Classification
Item type English Books
Classification part 307.1412072
Call number suffix NAK
Holdings
Withdrawn status Lost status Not for loan Collection code Home library Current library Date acquired Source of acquisition Cost, normal purchase price Full call number Barcode Copy number Cost, replacement price Koha item type
    Not For Loan Non-fiction D.B.Act.Division D.B.Act.Division 31/07/2010 DBAD/PUB 1650.00 307.1412072 NAK EN-81064 1 1650.00 English Books

© Delhi Public Library
Hit Counter
free hit counter